000 00827nam a2200265Ia 4500
003 OSt
005 20221005061132.0
006 a|||||r|||| 00| 0
007 ta
008 221004b |||||||| |||| 00| 0 eng d
020 _a9781138080164 (pbk)
_cUKP 32.99
024 _a44066
037 _bBBS/140, 18/03/2019, Better Book Service
_cTextual
040 _aCRL
_cCRL
_beng
041 _2eng
_aeng
082 _aSM9, Q8
100 _aAron Lewis Ed.
_9600245
245 0 _aDe-idealizing relational theory
_ba critique from within
260 _aLondon
_bRoutledge UK
_c2018
300 _axiv,239p.
_ccm.
650 _aPSYCHOANALYSIS
700 _a Grand Sue Ed.
_9600246
942 _hSM9, Q8
_cTEXL
_2cc
999 _c967753
_d967753